| 000 | 01163 a2200229 4500 | ||
|---|---|---|---|
| 001 | 63910 | ||
| 005 | 20260407155938.0 | ||
| 008 | 260407a1967 arg spa d | ||
| 003 | AR-UNSa-BCEJYS | ||
| 040 |
_aAR-UNSa-BCEJYS _bspa _cAR-UNSa-BCEJYS |
||
| 080 |
_a658.15 _xAdministración financiera privada. Gestión financiera de empresas |
||
| 245 | 1 | 0 |
_aEconomia de la administración de empresas _pAdopción de decisiones y planeación |
| 264 | 1 |
_aMéxico : _bUnión Tipográfica Editorial Hispano-Americana (UTEHA) _c1967 |
|
| 300 |
_ax, 582 p. _c23 cm. |
||
| 505 | _a1. La incertidumbre en las decisiones de la gerencia - 2. Métodos de predicción - 3. Medición económica - 4. Administración de las utilidades - 5. Análisis de la demanda. pronóstico de ventas - 6. Administración de la producción - 7. Análisis de costos - 8. Prácticas y políticas de precios - 9. Competencia y control - 10. Gerencia del capital - 11. Gerencia del capital (continuación) - | ||
| 041 | _aspa | ||
| 942 | _cBK | ||
| 590 | _aniveau_biblio:m niveau_hierar:0 | ||
| 100 | 1 | _aSpencer, Milton H. | |
| 700 | 1 | _aSiegelman, Louis | |
| 700 | 1 | _aZ. de Equihua, Clementina | |
| 999 |
_c8351 _d8351 |
||